000
00317nam a22001337a 4500
020
_a
978-93-5014-741-2
082
_a
004
_b
SAX/1
100
_a
PREETI SAXENA
245
_a
INFORMATION TECHNOLOGY
_b
CLASS XI
260
_a
DELHI
_b
S.K.KATARIA & SONS
_c
2022
300
_a
562
650
_a
IT FOR CLASS XI
_z
INDIA
942
_c
BK
999
_c
566
_d
566